Effective Teaching in Schools (Record no. 29372)

MARC details
000 -LEADER
fixed length control field 00394nam a2200169Ia 4500
020 ## - INTERNATIONAL STANDARD BOOK NUMBER
ISBN 0-7487-2233-5
100 ## - STATEMENT OF RESPONSIBILITY--MAIN AUTHOR NAME
Personal name Chris Kyriacou
245 #0 - TITLE STATEMENT
Title Effective Teaching in Schools
260 ## - PUBLICATION, DISTRIBUTION, ETC. (IMPRINT)
Place of publication Cheltenham
260 ## - PUBLICATION, DISTRIBUTION, ETC. (IMPRINT)
Name of publisher Stanley Thornes Ltd
260 ## - PUBLICATION, DISTRIBUTION, ETC. (IMPRINT)
Year of publication 1995
300 ## - PHYSICAL DESCRIPTION
Number of Pages 218 p
650 ## - SUBJECT ADDED ENTRY--TOPICAL TERM
Topical Term Teaching
942 ## - ADDED ENTRY ELEMENTS (KOHA)
Koha item type Books
Holdings
Withdrawn status Lost status Source of classification or shelving scheme Damaged status Not for loan Permanent Location Current Location Date acquired Accession Number Price effective from Koha item type
    Library of Congress Classification     NILE UNIVERSITY OF NIGERIA - MAIN LIBRARY NILE UNIVERSITY OF NIGERIA - MAIN LIBRARY 04/23/2025 0000276 04/23/2025 Books